[Event "Monteolivete op 3rd"]
[Site "Alboraia"]
[Date "2023.07.21"]
[Round "6"]
[White "Vrolijk, Liam"]
[Black "Muratov, Batyrkhan"]
[Result "1-0"]
[WhiteElo "2517"]
[BlackElo "1701"]
[PlyCount "51"]
[EventDate "2023.07.17"]
[EventType "swiss"]
[EventRounds "9"]
[EventCountry "ESP"]
[SourceTitle "CBM 215 Extra"]
[Source "ChessBase"]
[SourceDate "2023.09.30"]
[SourceVersion "1"]
[SourceVersionDate "2023.09.30"]
[SourceQuality "1"]

1. d4 d5 2. c4 e6 3. Nf3 Nf6 4. Nc3 dxc4 5. e4 Bb4 6. Bxc4 Nxe4 7. 0-0 Nxc3 8. bxc3 Be7 9. Ne5 c5 10. Qg4 Bf6 11. Rd1 Qa5 12. Bg5 Bxe5 13. dxe5 Nc6 14. Bh4 Rg8 15. Rd6 g5 16. Rad1 h6 17. Bg3 a6 18. Qf3 Qc7 19. Qf6 h5 20. h4 Qe7 21. hxg5 Qxf6 22. gxf6 Rg4 23. Be2 Ra4 24. Bf3 Nd4 25. cxd4 c4 26. d5 1-0

[Event "Monteolivete op 3rd"]
[Site "Alboraia"]
[Date "2023.07.18"]
[Round "2"]
[White "Vrolijk, Liam"]
[Black "Lianes Garcia, Marcos"]
[Result "1-0"]
[WhiteElo "2517"]
[BlackElo "2407"]
[PlyCount "105"]
[EventDate "2023.07.17"]
[EventType "swiss"]
[EventRounds "9"]
[EventCountry "ESP"]
[SourceTitle "CBM 215 Extra"]
[Source "ChessBase"]
[SourceDate "2023.09.30"]
[SourceVersion "1"]
[SourceVersionDate "2023.09.30"]
[SourceQuality "1"]

1. d4 Nf6 2. c4 e6 3. Nf3 d5 4. Nc3 Bb4 5. Bg5 h6 6. Bxf6 Qxf6 7. e3 0-0 8. Rc1 Nd7 9. Bd3 dxc4 10. Bxc4 e5 11. 0-0 c6 12. Ne4 Qe7 13. d5 Nf6 14. d6 Qd8 15. Nxf6+ gxf6 16. Qd3 f5 17. Nxe5 Qxd6 18. Qb3 Qxe5 19. Qxb4 b6 20. Be2 c5 21. Qh4 Kg7 22. b3 Be6 23. Rfd1 Qf6 24. Qg3+ Qg5 25. Qc7 Rfc8 26. Qb7 Rcb8 27. Qc7 Rc8 28. Qd6 Rd8 29. Qe5+ Qf6 30. Qc7 Qb2 31. Bf3 Bd5 32. Bh5 Be6 33. h3 Rac8 34. Qxa7 Ra8 35. Qc7 Rxd1+ 36. Rxd1 Rxa2 37. Qg3+ Kh7 38. Rd8 Ra1+ 39. Kh2 Qg7 40. Qf4 Ra2 41. e4 Qg5 42. Qb8 Qg7 43. exf5 Bxf5 44. Bxf7 Qxf7 45. Rh8+ Kg7 46. Qe5+ Kg6 47. Qg3+ Kf6 48. Qd6+ Be6 49. Rxh6+ Kf5 50. g4+ Kg5 51. Rh5+ Kg6 52. Qd3+ Kf6 53. Qd8+ 1-0

[Event "Monteolivete op 3rd"]
[Site "Alboraia"]
[Date "2023.07.17"]
[Round "1"]
[White "Gavarrete, Nahun"]
[Black "Vrolijk, Liam"]
[Result "0-1"]
[WhiteElo "2303"]
[BlackElo "2517"]
[PlyCount "70"]
[EventDate "2023.07.17"]
[EventType "swiss"]
[EventRounds "9"]
[EventCountry "ESP"]
[SourceTitle "CBM 215 Extra"]
[Source "ChessBase"]
[SourceDate "2023.09.30"]
[SourceVersion "1"]
[SourceVersionDate "2023.09.30"]
[SourceQuality "1"]

1. c4 e5 2. Nc3 Nf6 3. g3 Bb4 4. Bg2 0-0 5. e4 Bxc3 6. dxc3 d6 7. Qc2 a5 8. a4 Na6 9. Nf3 Nc5 10. Nd2 Be6 11. b3 Nfd7 12. 0-0 f5 13. b4 Na6 14. exf5 Bxf5 15. Ne4 axb4 16. cxb4 Nxb4 17. Qb3 Nc5 18. Qxb4 Bxe4 19. Bxe4 Nxe4 20. Qxb7 Nc5 21. Qd5+ Kh8 22. Be3 Nxa4 23. Qd1 Qe8 24. c5 Qc6 25. cxd6 cxd6 26. Rc1 Nc3 27. Qd3 Rac8 28. Rc2 d5 29. Rfc1 d4 30. Bd2 e4 31. Qf1 e3 32. Bxc3 dxc3 33. Qg2 Qc5 34. h3 exf2+ 35. Rxf2 Rf6 0-1

[Event "Benasque op 42nd"]
[Site "Benasque"]
[Date "2023.07.07"]
[Round "4"]
[White "Vrolijk, Liam"]
[Black "Manish, Anto Cristiano F"]
[Result "1-0"]
[WhiteElo "2517"]
[BlackElo "2411"]
[PlyCount "111"]
[EventDate "2023.07.05"]
[EventType "swiss"]
[EventRounds "9"]
[EventCountry "ESP"]
[SourceTitle "EXT 2024"]
[Source "ChessBase"]
[SourceDate "2023.10.10"]
[SourceVersion "1"]
[SourceVersionDate "2023.10.10"]
[SourceQuality "1"]

1. d4 Nf6 2. c4 e6 3. Nf3 d5 4. g3 Be7 5. Bg2 dxc4 6. Qa4+ Bd7 7. Qxc4 Bc6 8. 0-0 0-0 9. Bg5 Nbd7 10. Nc3 h6 11. Bxf6 Nxf6 12. Rfd1 a5 13. Rac1 Rc8 14. a3 Bd5 15. Nxd5 exd5 16. Qb5 Ra8 17. Qxb7 Rb8 18. Qa7 Rxb2 19. Ne5 Bd6 20. Qxa5 Rxe2 21. Bxd5 Nxd5 22. Qxd5 Bxa3 23. Qf3 Bxc1 24. Qxe2 Ba3 25. Qf3 Bd6 26. Nc4 Qa8 27. Qf5 Re8 28. Ne3 Qe4 29. Qxe4 Rxe4 30. Kg2 g6 31. Kf3 Re8 32. Rc1 Kg7 33. Rc6 Rd8 34. Ke4 Re8+ 35. Kd3 Ra8 36. Nc4 Rd8 37. Ke4 Re8+ 38. Kd5 Re2 39. Nxd6 cxd6 40. Kxd6 Rxf2 41. d5 Rd2 42. Rc3 Kf6 43. Rf3+ Kg5 44. h3 f5 45. Kc6 Rc2+ 46. Kd7 Rh2 47. d6 Rxh3 48. Ke7 Kg4 49. Rd3 f4 50. d7 Rxg3 51. Rd4 Re3+ 52. Kf6 g5 53. d8Q Kg3 54. Kf5 f3 55. Rg4+ Kf2 56. Qd1 1-0

[Event "NED-chT 2223"]
[Site "Netherlands"]
[Date "2023.04.22"]
[Round "9.9"]
[White "Pascual Palomo, Lucia"]
[Black "Vrolijk, Liam"]
[Result "0-1"]
[WhiteElo "2109"]
[BlackElo "2491"]
[PlyCount "42"]
[EventDate "2022.09.17"]
[EventType "team-tourn"]
[EventRounds "9"]
[EventCountry "NED"]
[SourceTitle "EXT 2024"]
[Source "ChessBase"]
[SourceDate "2023.10.10"]
[SourceVersion "1"]
[SourceVersionDate "2023.10.10"]
[SourceQuality "1"]
[WhiteTeam "Charlois Europoort"]
[BlackTeam "Kennemer Combinatie"]
[WhiteTeamCountry "NED"]
[BlackTeamCountry "NED"]

1. e4 e5 2. Nf3 Nc6 3. d4 exd4 4. Nxd4 Qf6 5. Be3 Bc5 6. c3 Nge7 7. Bc4 b6 8. 0-0 Bb7 9. f4 Qg6 10. f5 Qf6 11. b4 Bd6 12. Nb5 Be5 13. Bd4 0-0-0 14. Bxe5 Nxe5 15. Be2 d5 16. Qa4 dxe4 17. Qxa7 Qg5 18. Kh1 e3 19. Rf3 Nxf3 20. gxf3 Nxf5 21. Nd4 Nh4 0-1

[Event "BEL-chT 2223"]
[Site "Belgium"]
[Date "2023.04.16"]
[Round "10.3"]
[White "Colijn, Stefan"]
[Black "Vrolijk, Liam"]
[Result "0-1"]
[WhiteElo "2264"]
[BlackElo "2479"]
[PlyCount "106"]
[EventDate "2022.09.25"]
[EventType "team-tourn"]
[EventRounds "11"]
[EventCountry "BEL"]
[SourceTitle "EXT 2024"]
[Source "ChessBase"]
[SourceDate "2023.10.10"]
[SourceVersion "1"]
[SourceVersionDate "2023.10.10"]
[SourceQuality "1"]
[WhiteTeam "Mechelen"]
[BlackTeam "Liege Crelel"]
[WhiteTeamCountry "BEL"]
[BlackTeamCountry "BEL"]

1. d4 d5 2. c4 e6 3. Nf3 Nf6 4. cxd5 exd5 5. Bg5 c6 6. Qc2 Be6 7. Nc3 Nbd7 8. e3 h6 9. Bh4 g5 10. Bg3 Nh5 11. Bd3 Nxg3 12. hxg3 Bg7 13. Bf5 Qe7 14. g4 0-0-0 15. 0-0-0 Kb8 16. Kb1 Rhe8 17. Rhe1 Nb6 18. Ne2 Nc4 19. Ng3 Nd6 20. Bxe6 Qxe6 21. Nf5 Nxf5 22. gxf5 Qe4 23. Rh1 Qg4 24. Rh3 Rd6 25. Rg3 Qe4 26. Qxe4 dxe4 27. Nd2 c5 28. Rg4 cxd4 29. Rxe4 Rxe4 30. Nxe4 Rd5 31. f6 dxe3 32. Kc2 Rxd1 33. Kxd1 exf2 34. Ke2 Bf8 35. Kxf2 Kc7 36. Ke3 Kd7 37. a3 Ke6 38. g4 Bd6 39. b4 Kd5 40. Kd3 Be5 41. a4 b6 42. b5 Ke6 43. Nd2 Kd5 44. Ne4 Bh2 45. Nd2 Bf4 46. Nc4 Bc7 47. Ne3+ Ke5 48. Kc4 Bd8 49. Nf5 h5 50. Kd3 Bxf6 51. Nd4 h4 52. Ke3 Kd5 53. Nc6 a5 0-1